Citez un membre de chacune de ces organisations internationales - Statistiques

Statistiques générales
  • Ce quiz a été pris 120 fois
  • Le résultat moyen est 22 sur 25
Statistiques - réponses
Organisation Pays Membres % Correct
Organisation des Nations Unies (ONU) Afghanistan / Afrique du Sud / Albanie / Algérie / Allemagne / Andorre / Angola / Antigua et Barbuda / Arabie Saoudite / Argentine / Arménie / Australie / Autriche / Azerbaïdjan / Bahamas / Bahreïn / Bangladesh / Barbade / Biélorussie / Belgique / Belize / Bénin / Bhoutan / Bolivie / Bosnie Herzégovine / Botswana / Brésil / Brunei / Bulgarie / Burkina Faso / Burundi / Cap Vert / Cambodge / Cameroun / Canada / Chili / Chine / Chypre / Colombie / Comores / République du Congo / Costa Rica / Côte d'Ivoire / Croatie / Cuba / Danemark / Djibouti / Dominique / Égypte / Salvador / Émirats Arabes Unis / Équateur / Érythrée / Espagne / Estonie / Eswatini / États Unis / Éthiopie / Russie / Fidji / Finlande / France / Gabon / Gambie / Géorgie / Ghana / Grèce / Grenade / Guatemala / Guinée / Guinée Bissau / Guinée Équatoriale / Guyana / Haïti / Honduras / Hongrie / Îles Marshall / Îles Salomon / Inde / Indonésie / Iran / Irak / Irlande / Islande / Israël / Italie / Jamaïque / Japon / Jordanie / Kazakhstan / Kenya / Kirghizistan / Kiribati / Koweït / Lesotho / Lettonie / Liban / Liberia / Libye / Liechtenstein / Lituanie / Luxembourg / Macédoine du Nord / Madagascar / Malaisie / Malawi / Maldives / Mali / Malte / Maroc / Maurice / Mauritanie / Mexique / Micronésie / Monaco / Mongolie / Monténégro / Mozambique / Birmanie / Namibie / Nauru / Népal / Nicaragua / Niger / Nigeria / Norvège / Nouvelle Zélande / Oman / Ouganda / Ouzbékistan / Pakistan / Palaos / Panama / Papouasie Nouvelle Guinée / Paraguay / Pays Bas / Pérou / Philippines / Pologne / Portugal / Qatar / Syrie / République Centrafricaine / Crée du Sud / République Démocratique du Congo / Laos / Moldavie / République Dominicaine / Corée du Nord / Tanzanie / Roumanie / Royaume Uni / Rwanda / Sainte Lucie / Saint Christophe et Niévès / Saint Marin / Saint Vincent et les Grenadines / Samoa / Sao Tomé et Principe / Sénégal / Serbie / Seychelles / Sierra Leone / Singapour / Slovaquie / Slovénie / Somalie / Soudan / Soudan du Sud / Sri Lanka / Suède / Suisse / Suriname / Tadjikistan / Tchad / République Tchèque / Thaïlande / Timor Oriental / Togo / Tonga / Trinité et Tobago / Tunisie / Turkménistan / Turquie / Tuvalu / Ukraine / Uruguay / Vanuatu / Venezuela / Vietnam / Yémen / Zambie / Zimbabwe
100%
Union Africaine Afrique du Sud / Algérie / Angola / Bénin / Botswana / Burundi / Cameroun / Cap Vert / République Centrafricaine / Comores / République du Congo / République Démocratique du Congo / Côte d'Ivoire / Djibouti / Égypte / Érythrée / Éthiopie / Gambie / Ghana / Guinée Bissau / Guinée Équatoriale / Kenya / Lesotho / Liberia / Libye / Madagascar / Malawi / Maroc / Île Maurice / Mauritanie / Mozambique / Namibie / Niger / Nigeria / Ouganda / Rwanda / Sao Tomé et Principe / Sénégal / Seychelles / Sierra Leone / Somalie / Soudan du Sud / Tanzanie / Tchad / Togo / Tunisie / Zambie / Zimbabwe
100%
Ligue Arabe Algérie / Arabie Saoudite / Bahreïn / Comores / Djibouti / Égypte / Émirats Arabes Unis / Irak / Jordanie / Koweït / Liban / Libye / Maroc / Mauritanie / Oman / Palestine / Qatar / Somalie / Soudan / Syrie / Tunisie / Yémen
100%
Union Européenne Allemagne / Autriche / Belgique / Bulgarie / Chypre / Croatie / Danemark / Espagne / Estonie / Finlande / France / Grèce / Hongrie / Irlande/ Italie / Lettonie / Lituanie / Luxembourg / Malte / Pays Bas / Pologne / Portugal / Roumanie / Slovaquie / Slovénie / Suède / République Tchèque
100%
Union du Maghreb arabe (UMA) Algérie / Libye / Maroc / Mauritanie / Tunisie
98%
Association des nations du Sud-Est Asiatique (ASEAN) Brunei / Birmanie / Cambodge / Indonésie / Laos / Malaisie / Philippines / Singapour / Thaïlande / Vietnam
96%
Groupe des 7 (G7) Allemagne / Canada / États Unis / France / Italie / Japon / Royaume Uni / Union Européenne
95%
Groupe des 20 (G20) Argentine / Australie / États Unis / Brésil / Chine / Allemagne / Inde / France / Italie / Mexique / Russie / Indonésie / Japon / Corée du Sud / Canada / Royaume Uni / Arabie Saoudite / Turquie / Afrique du Sud / Union Européenne / Union Africaine
95%
Conseil Nordique Danemark / Finlande / Islande / Norvège / Suède / Îles Féroé / Groenland / Îles Åland
95%
BRICS Brésil / Russie / Inde / Chine / Afrique du Sud / Iran / Égypte / Émirats Arabes Unis / Éthiopie / Indonésie
94%
Organisation des États turciques (OET) Azerbaïdjan / Kazakhstan / Kirghizistan / Ouzbékistan / Turquie
93%
Organisation du Traité Atlantique Nord (OTAN) Albanie / Allemagne / Belgique / Bulgarie / Canada / Croatie / Danemark / Espagne / Estonie / États Unis / Finlande / France / Grèce / Hongrie / Islande / Italie / Lettonie / Lituanie / Luxembourg / Macédoine du Nord / Monténégro / Norvège / Pays Bas / Pologne / Portugal / Roumanie / Royaume Uni / Slovaquie / Slovénie / Suède / République Tchèque / Turquie
92%
Communauté des pays de langue portugaise (CPLP) Angola / Brésil / Cap Vert / Guinée Bissau / Guinée Équatoriale / Mozambique / Portugal / Sao Tomé et Principe / Timor Oriental
92%
Organisation de coopération de Shanghai (OCS) Chine / Inde / Iran / Kazakhstan / Kirghizistan / Ouzbékistan / Pakistan / Russie / Tadjikistan / Biélorussie
91%
Commonwealth of Nations Afrique du Sud / Antigua et Barbuda / Australie / Bahamas / Bangladesh / Barbade / Belize / Botswana / Brunei / Cameroun / Canada / Chypre / Dominique / Eswatini / Fidji / Gambie / Ghana / Grenade / Guyana / Inde / Jamaïque / Kenya / Kiribati / Lesotho / Malaisie / Malawi / Maldives / Malte / Île Maurice / Mozambique / Namibie / Nauru / Nigeria / Nouvelle Zélande / Ouganda / Pakistan / Papouasie Nouvelle Guinée / Royaume Uni / Rwanda / Îles Salomon / Saint Christophe et Niévès / Sainte Lucie / Saint Vincent et les Grenadines / Samoa / Seychelles / Sierra Leone / Singapour / Sri Lanka / Tanzanie / Togo / Tonga / Trinité et Tobago / Tuvalu / Vanuatu / Zambie
90%
Organisation de coopération et de développement économiques (OCDE) Allemagne / Australie / Autriche / Belgique / Canada / Chili / Colombie / Corée du Sud / Costa Rica / Danemark / Espagne / Estonie / États Unis / Finlande / France / Grèce / Hongrie / Irlande / Islande / Italie / Japon / Lettonie / Lituanie / Luxembourg / Mexique / Norvège / Nouvelle Zélande / Pays Bas / Pologne / Portugal / Slovaquie / Slovénie / Suède / Suisse / Royaume Uni / République Tchèque / Turquie
89%
Communauté du Pacifique (CPS) Australie / États Unis / Fidji / France / Guam / Îles Cook / Îles Mariannes du Nord / Îles Pitcairn / Îles Marshall / États Fédérés de Micronésie / Nauru / Niue / Nouvelle Zélande / Palaos / Papouasie Nouvelle Guinée / Polynésie Française / Royaume Uni / Îles Salomon / Samoa américaines / Samoa / Tokelau / Tonga / Tuvalu / Vanuatu / Wallis et Futuna
89%
Communauté Caribéenne (CARICOM) Antigua et Barbuda / Bahamas / Barbade / Belize / Dominique / Grenade / Guyana / Haïti / Jamaïque / Montserrat / Saint Christophe et Niévès / Sainte Lucie / Saint Vincent et les Grenadines / Suriname / Trinité et Tobago
88%
Benelux Belgique / Luxembourg / Pays Bas
87%
Communauté économique des États de l'Afrique de l'Ouest (CEDEAO) Bénin / Cap Vert / Côte d'Ivoire / Gambie / Ghana / Guinée Bissau / Liberia / Nigeria / Sénégal / Sierra Leone / Togo
87%
Organisation des pays exportateurs de pétrole (OPEP) Algérie / Arabie Saoudite / Émirats Arabes Unis / Gabon / Guinée Équatoriale / Irak / Iran / Koweït / Libye / Nigeria / République du Congo / Venezuela
85%
Marché commun du Sud (Mercosur) Argentine / Bolivie / Brésil / Paraguay / Uruguay
85%
Communauté des démocraties Argentine / Canada / Chili / Corée du Sud / Costa Rica / Estonie / États Unis / Finlande / Géorgie / Guatemala / Hongrie / Inde / Italie / Japon / Lituanie / Macédoine du Nord / Maroc / Mexique / Mongolie / Nigeria / Norvège / Pologne / Portugal / Roumanie / Royaume Uni / Salvador / Suède / Uruguay
82%
Commission de l'océan Indien (COI) Comores / Madagascar / Île Maurice / France / Seychelles
70%
Communauté des États indépendants (CEI) Arménie / Azerbaïdjan / Biélorussie / Kazakhstan / Kirghizistan / Ouzbékistan / Russie / Tadjikistan
45%
Aucun quiz correspondant
Distribution des résultats
% des personnes avec chaque résultat
Percentile par nombre de réponses
Votre historique - résultats
Vous n’avez pas pris ce quiz